000 01006cam a22002774a 4500
001 12148477
005 20171218085405.0
007 cr_|||||||||||
008 000818s2000 caua be 001 0 eng
010 _a 00011032
020 _a1576073904 (electronic bk.)
020 _a1576070646
040 _aDLC
_cDLC
_dDLC
041 _aeng
042 _apcc
080 _a324.62303 HAN
082 0 0 _a324.62303 HAN
_221
100 1 _a50
101 _aSOC
245 1 0 _aInternational encyclopedia of women's suffrage /
_cJune Hannam, Mitzi Auchterlonie, and Katherine Holden.
504 _aIncludes bibliographical references (p. 341-353) and index.
530 _aAlso available as an electronic book via the World Wide Web to institutions affiliated with netLibrary, Inc.
906 _a7
_bcbc
_corignew
_d1
_eecip
_f20
_gy-gencatlg
942 _2ddc
_cBK
999 _c39118
_d39118